000 01369nam a2200337 i 4500
001 000007337
003 DO-SdBNP
005 20260317104839.0
007 ta
008 090908s2003 dr a 001 0 spa d
040 _aDO-SdBNP
_bspa
_cBNPHU
_erda
041 _aspa
082 4 _a338.642
_bT787m
_222
100 1 _aTrejos Solórzano, Juan Diego,
_eautor
_4aut.
_920400
245 1 3 _aLa micro y la pequeña empresa en República Dominicana :
_buna mirada desde el mercado de trabajo /
_cJuan Diego Trejos Solórzano, Jaqueline Mora.
264 1 _aSanto Domingo :
_bFondo para el Financiamiento de la Microempresa :
_bPROEMPRESA,
_c2003.
300 _a94 páginas :
_bilustraciones ;
_c26 cm.
336 _atexto
_btxt
_2rdacontent
337 _asin mediación
_bn
_2rdamedia
338 _avolumen
_bnc
_2rdacarrier
500 _aIncluye referencias bibliográficas y notas al pie de las páginas
504 _aBibliografía : páginas 63-65
590 _aInventariado, 2018/DG
650 4 _aPequeñas y medianas empresas
_zRepública Dominicana
_919057
650 7 _aMercado de trabajo
_zRepública Dominicana
_2LIBRUNAM
_919058
650 4 _aOportunidades de empleo
_919059
650 4 _aTrabajo y trabajadores
_zRepública Dominicana
_97272
700 1 _aMora, Jaqueline,
_eautor
_4aut.
_920401
910 _aValidado. Control de calidad. MMOLINA
942 _2ddc
_cLBS1
999 _c7118
_d7118